Postmetrópolis: estudios críticos sobre las ciudades y las regiones
Enregistré dans:
| Auteur principal: | |
|---|---|
| Format: | Livre |
| Langue: | espagnol |
| Publié: |
Madrid
Traficantes de Sueños
2008
|
| Édition: | 1a. ed |
| Sujets: | |
| Tags: |
Ajouter un tag
Pas de tags, Soyez le premier à ajouter un tag!
|
MARC
| LEADER | 00000cam a2200000 a 4500 | ||
|---|---|---|---|
| 001 | UCD3679 | ||
| 003 | CL-VaPUC | ||
| 008 | 160616e20080000sp |||||||||||||||||spa|d | ||
| 020 | |a 9788496453326 | ||
| 082 | 0 | 4 | |a 307.12 |b SOJ |2 21 |
| 100 | 0 | |a Soja, Edward W |e author |9 587236 | |
| 245 | 1 | 0 | |a Postmetrópolis: estudios críticos sobre las ciudades y las regiones |
| 250 | |a 1a. ed | ||
| 300 | |a 594 p | ||
| 942 | |c BK | ||
| 945 | |d 20160616 22:39:00 |a dcastane | ||
| 260 | |a Madrid |b Traficantes de Sueños |c 2008 | ||
| 650 | 0 | |a Ordenamiento territorial |9 469387 | |
| 650 | 0 | |a Urbanismo |9 255208 | |
| 583 | |a last modification |c 20160616 22:39:00 |k Rodrigo Vera | ||
| 999 | |c 364706 |d 364704 | ||
| 952 | |0 0 |1 0 |3 erb |4 0 |6 307_120000000000000_SOJ_2008 |7 0 |8 A |9 478269 |a BIBING |b BIBING |i 5293405 |l 2 |m 2 |o 307.12 SOJ 2008 |p 5293405 |r 2025-01-20 |s 2024-08-20 |w 2019-11-24 |y BK |z Catalogado en:20160616 |k GEO | ||